Projet d'une langue universelle / (Record no. 165607)

MARC details
000 -LEADER
campo de control de longitud fija 00721nam a2200193 i 4500
001 - NÚMERO DE CONTROL
campo de control 165607
003 - IDENTIFICADOR DE NÚMERO DE CONTROL
campo de control ES-MaACL
005 - FECHA Y HORA DE LA ÚLTIMA TRANSACCIÓN
campo de control 20230906213155.0
008 - DATOS DE LONGITUD FIJA--INFORMACIÓN GENERAL
campo de control de longitud fija 981125s1855 fr |||| | fre d
100 1# - ENTRADA PRINCIPAL--NOMBRE DE PERSONA
Nombre de persona Sotos Ochando, Bonifacio.
9 (RLIN) 107547
245 10 - MENCIÓN DEL TÍTULO
Título Projet d'une langue universelle /
Mención de responsabilidad, etc. par M. L'Abbé Bonifacio Sotos Ochando ; traduit de l'espagnol par M. L'Abbé A. M. Touzé.
260 ## - PUBLICACIÓN, DISTRIBUCIÓN, ETC.
Lugar de publicación, distribución, etc. Paris :
Nombre del editor, distribuidor, etc. Librairie de Jacques Lecoffre et Cie.,
Fecha de publicación, distribución, etc. 1855 (
Fabricante Imp. par E. Thunot et Cie.)
300 ## - DESCRIPCIÓN FÍSICA
Extensión XVI, 270 p. [1] h. pleg. ;
Dimensiones 23 cm.
596 ## - NOTA AL PIE DE IMPRENTA
NOTA AL PIE DE IMPRENTA Marca del ed. en port.
597 ## - NOTA DE DESCRIPCIÓN FÍSICA
NOTA DE DESCRIPCIÓN FÍSICA Antep.
650 #4 - PUNTO DE ACCESO ADICIONAL DE MATERIA--TÉRMINO DE MATERIA
Término de materia o nombre geográfico como elemento de entrada Lenguas artificiales.
9 (RLIN) 136381
700 1# - ENTRADA AGREGADA--NOMBRE PERSONAL
Nombre de persona Touzé, A. M.
9 (RLIN) 133363
852 ## - LOCALIZACIÓN
Ubicación ES-MaACL
Número de control de estantería B-1954
Nota libre - Enc. hol.
Holdings
Estatus retirado Estado de pérdida Estado de daño No para préstamo Colección Biblioteca de origen Biblioteca actual Ubicación en estantería Fecha de adquisición Fuente de adquisición Total de préstamos Signatura topográfica completa Código de barras Visto por última vez Precio de reemplazo Tipo de ítem Koha
        Libros del s. XIX Biblioteca del Ateneo de Madrid Biblioteca del Ateneo de Madrid Sala Pardo Bazán 17/01/2008     B-1954 1173676 23/02/2023 23/02/2023 Libro impreso antiguo